000 01819nam0a2200337 i 4500
001 RU\NLR\BIBL_A\010260248
005 20260408112020.0
021 _aRU
_b2014-3420
_9206
035 _a(NILC)RuMoRGB-006730627
035 _a(NLR Aleph) 010260248
090 _a10455163
_c10455163
100 _a20140320d2013 um y0rusy50 ca
101 0 _arus
102 _aRU
105 _ac|||g|||001yy
200 1 _aФурман Яков Абрамович
_fМ-во образования и науки Рос. Федерации, Федер. гос. бюджет. образоват. учреждение высш. проф. образования "Поволж. гос. технол. ун-т", Науч.-техн. б-ка, Науч.-библиогр. отд.
_g[сост.: Э. С. Емешова]
210 _aЙошкар-Ола
_cПГТУ
_d2013
215 _a46 с.
_cпортр.
_d20
225 1 _aМатериалы к биобиблиографии ученых
225 1 _aСерия "Ученые ПГТУ"
_vвып. 38
320 _aИмен. указ.: с. 43-45
600 1 _aФурман
_bЯ.А.
_f1939
_gЯков Абрамович
_jБиобиблиография
_92180184
_3RU\NLR\AUTH\6601547732
686 1 _aЗ84д(2)Фурман
702 1 _aЕмешова
_bЭ. С.
_gЭльвира Степановна
_4220
712 0 2 _4570
_aПоволжский государственный технологический университет
_bНаучно-техническая библиотека
_bНаучно-библиографический отдел
_cЙошкар-Ола
_9385767
_3RU\NLR\AUTH\880359210
801 0 _aRU
_bРГБ
_c20140131
_gRCR
942 _cBOOK
980 _aNBR